000
00226nam a22000857a 4500
008
160708b xxu||||| |||| 00| 0 eng d
100
_9
2454
_a
Nightingale, S
245
_a
Nursery Rhymes
260
_a
London
_b
Medici Society Ltd
_c
1978
999
_c
2125
_d
2125